Peña Gómez : (Registro nro. 8158)

Detalles MARC
000 -LEADER
fixed length control field 00981nam a2200277 a 4500
001 - CONTROL NUMBER
control field 000014980
003 - CONTROL NUMBER IDENTIFIER
control field DO-SdBNP
005 - DATE AND TIME OF LATEST TRANSACTION
control field 20210405130347.0
007 - PHYSICAL DESCRIPTION FIXED FIELD--GENERAL INFORMATION
fixed length control field 000014980
008 - FIXED-LENGTH DATA ELEMENTS--GENERAL INFORMATION
fixed length control field 100128s2005 dr ac 001 0 spa d
020 ## - INTERNATIONAL STANDARD BOOK NUMBER
International Standard Book Number 9993439436
040 ## - CATALOGING SOURCE
Original cataloging agency BPMSU
Language of cataloging spa
Transcribing agency BPMSU
082 #4 - DEWEY DECIMAL CLASSIFICATION NUMBER
Classification number 923.27293
Item number G633C
Edition number 22
100 1# - MAIN ENTRY--PERSONAL NAME
Personal name Cedeño y Pecunia, Marina Altagracia
245 10 - TITLE STATEMENT
Title Peña Gómez :
Remainder of title líder de multitudes /
Statement of responsibility, etc. Marina Altagracia Cedeño y Pecunia ; prólogo Domingo Selié Gatón.
260 ## - PUBLICATION, DISTRIBUTION, ETC. (IMPRINT)
Place of publication, distribution, etc. Santo Domingo :
Name of publisher, distributor, etc. Trinitaria,
Date of publication, distribution, etc. 2006.
Manufacturer
300 ## - PHYSICAL DESCRIPTION
Extent 166 p. :
Other physical details il., retrs. ;
Dimensions 22 cm.
500 ## - GENERAL NOTE
General note Incluye datos biográficos del autor en la solapa de la cubierta.
590 ## - LOCAL NOTE (RLIN)
Linkage (RLIN) Inventariado, 2021/VM
600 14 - SUBJECT ADDED ENTRY--PERSONAL NAME
Personal name Peña Gomez, Jose Francisco
Dates associated with a name 1937-1998
650 #4 - SUBJECT ADDED ENTRY--TOPICAL TERM
Topical term or geographic name as entry element Políticos
Geographic subdivision República Dominicana
Form subdivision Biografías
650 #4 - SUBJECT ADDED ENTRY--TOPICAL TERM
Topical term or geographic name as entry element Partidos políticos
Geographic subdivision República Dominicana
700 1# - ADDED ENTRY--PERSONAL NAME
Personal name Gatón Selié, Domingo,
Relator term pról.
910 ## - USER-OPTION DATA (OCLC)
User-option data VMateo
942 ## - ADDED ENTRY ELEMENTS (KOHA)
Source of classification or shelving scheme Dewey Decimal Classification
Koha item type Libros
Existencias
Withdrawn status Lost status Source of classification or shelving scheme Damaged status Not for loan Collection code Home library Current library Date acquired Total Checkouts Full call number Barcode Date last seen Price effective from Koha item type Copy number
    Dewey Decimal Classification     Colección Dominicana Biblioteca Pública Metropolitana Salomé Ureña Biblioteca Pública Metropolitana Salomé Ureña 08/11/2015   BPMSU CD 923.27293 P349C 2005 BPMUS15080269 08/11/2015 08/11/2015 Libros  
    Dewey Decimal Classification     Colección Dominicana Biblioteca Pública Metropolitana Salomé Ureña Biblioteca Pública Metropolitana Salomé Ureña 03/05/2021   BPMSU CD 923.27293 P349C 2005 BPMSU21030007 03/05/2021 03/05/2021 Libros e.2
    Dewey Decimal Classification     Colección Dominicana Biblioteca Pública Metropolitana Salomé Ureña Biblioteca Pública Metropolitana Salomé Ureña 03/05/2021   BPMSU CD 923.27293 P349C 2005 BPMSU21030008 03/05/2021 03/05/2021 Libros e.3